00236 a2200085 4500001000700000040003500007100002700042240004300069245003800112147107 cEscola São Tomás de Aquino aBRANCO, Samuel Murgel 10aIara e a poluição das águaslpor10aIara e a poluição das águas